Let's go T1: Student Book

Uloženo v:
Podrobná bibliografie
Hlavní autor: Ritsuko Nakata
Médium: Kniha
Jazyk:Undetermined
Vydáno: Oxford Oxford Univ. Press 2000
Témata:
Tagy: Přidat tag
Žádné tagy, Buďte první, kdo otaguje tento záznam!
Thư viện lưu trữ: Trung tâm Học liệu Trường Đại học Cần Thơ
LEADER 00542nam a2200205Ia 4500
001 CTU_65644
008 210402s9999 xx 000 0 und d
020 |b 71000 
082 |a 372.6 
082 |b N163s/T1 
100 |a Ritsuko Nakata 
245 0 |a Let's go T1: Student Book 
245 0 |c Ritsuko Nakata 
260 |a Oxford 
260 |b Oxford Univ. Press 
260 |c 2000 
650 |a english language 
650 |x study and teaching,foreign speakers 
904 |i Minh 
980 |a Trung tâm Học liệu Trường Đại học Cần Thơ